<Die> Europäische Einigung <die> Entstehung und Entwicklung der Europäischen Union
Gespeichert in:
| 1. Verfasser: | |
|---|---|
| Format: | Buch |
| Sprache: | Deutsch |
| Veröffentlicht: |
Luxembourg
Amt für amtliche Veröffentlichungen der Europäischen Gemeinschaften
1995
|
| Ausgabe: | 4. Ausg. |
| Schlagworte: | |
| Tags: |
Keine Tags, Fügen Sie das erste Tag hinzu!
|
MARC
| LEADER | 00000nam a2200000 4500 | ||
|---|---|---|---|
| 001 | c117545 | ||
| 005 | 20230228073202.0 | ||
| 020 | |a 92-826-9742-8 | ||
| 041 | 0 | |a ger | |
| 044 | |a BE | ||
| 245 | 1 | 0 | |a <Die> Europäische Einigung |b <die> Entstehung und Entwicklung der Europäischen Union |c Manuskript von Klaus-Dieter Borchardt |
| 250 | |a 4. Ausg. | ||
| 264 | 1 | |a Luxembourg |b Amt für amtliche Veröffentlichungen der Europäischen Gemeinschaften |c 1995 | |
| 300 | |a 80 s. | ||
| 610 | 2 | 0 | |a Európska únia |
| 610 | 2 | 0 | |a Európske spoločenstvá |
| 610 | 2 | 0 | |a spolupráca hospodárska medzinárodná |
| 610 | 2 | 0 | |a spolupráca medzinárodná |
| 610 | 2 | 0 | |a priemysel |
| 610 | 2 | 0 | |a politika hospodárska |
| 610 | 2 | 0 | |a politika hospodárska medzinárodná |
| 610 | 2 | 0 | |a politika hospodárska nadnárodná |
| 610 | 2 | 0 | |a politika sociálna |
| 610 | 2 | 0 | |a politika obchodná |
| 610 | 2 | 0 | |a kultúra |
| 610 | 2 | 0 | |a integrácia ekonomická medzinárodná |
| 610 | 2 | 0 | |a Európa |
| 100 | 1 | |a Borchardt, Klaus-Dieter | |